000
00243nam a2200097Ia 4500
001
1203992
005
20250827022719.0
008
250824s9999 xx 000 0 und d
245
0
_a
BUNU AKLINIZ ALIYOR MU
_c
SUE LİMB
260
_b
ALTIN KİTAPLAR
999
_c
1203992
_d
1203992